Vývoj postavenia jazykov v procese globalizácie

Postavenie jazykov v procese globalizácie so zameraním na postavenie jazykov v EÚ. Úradné jazyky v EÚ. Percentuálne vyjadrenia znalosti úradných jazykov EÚ a ich používania obyvateľmi EÚ. Kto ovláda cudzie jazyky - výsledky socio-demografického prieskumu. Vyučovanie cudzích jazykov v EÚ, vyučovanie...

ver descrição completa

Na minha lista:
Detalhes bibliográficos
Autor principal: Hašková, Terézia
Formato: Capítulo de Livro
Idioma:eslovaco
Assuntos:
Tags: Adicionar Tag
Sem tags, seja o primeiro a adicionar uma tag!

MARC

LEADER 00000naa$a2200000$$$4500
001 0039104
005 20240502071502.5
041 0 |a slo 
044 |a SK 
245 1 0 |a Vývoj postavenia jazykov v procese globalizácie  |c Terézia Hašková 
520 |a Postavenie jazykov v procese globalizácie so zameraním na postavenie jazykov v EÚ. Úradné jazyky v EÚ. Percentuálne vyjadrenia znalosti úradných jazykov EÚ a ich používania obyvateľmi EÚ. Kto ovláda cudzie jazyky - výsledky socio-demografického prieskumu. Vyučovanie cudzích jazykov v EÚ, vyučovanie angličtiny. 
610 2 0 |a Európska únia 
610 2 0 |a jazyky cudzie 
610 2 0 |a vyučovanie 
100 1 |a Hašková, Terézia